000 00508nam a22001697a 4500
005 20251108171054.0
008 250721s1982 xx 000 0 ara d
082 1 4 _aط/372.9611/برا
100 1 _aالطرابلسي، محمد
245 1 0 _aالبراعة اليدوية بالمدرسة الإبتدائية /
264 1 _aتونس :
_bدار بوسلامة،
_c1982.
300 _a78ص.
650 1 7 _aالتعليم الإبتدائي
650 1 7 _aتونس
942 _2ddc
_cBK
999 _c55900
_d55900